000 00791cam a2200205 4500
001 WB3642-16
008 000000n2000 000 0 eng u
035 _a(Sirsi) u108924
245 _aBet on house prices
260 _c2000
490 _aIndependent on Sunday
_v22 October 2000, B2(1)
520 _aThe internet betting company, Blue Square, has launched a service to allow homeowners to protect themselves from property market slumps. Customers can bet on whether house prices will go up or down, using odds based on the Nationwide and Halifax market indicators.
590 _aWB
650 _aBETTING
650 _aHOUSE PRICES
650 _aPROPERTY INDICATORS
650 _aHOME OWNERS
690 _aPROPERTY-RESIDENTIAL PROPERTY-RESIDENTIAL PROPERTY MARKET
942 _n0
999 _c65032
_d65032